000 00991nam a2200289 i 4500
003 EG-GICUC
005 20260121101446.0
008 251210s1957 ua ||||fr|||| 000 0 ara d
040 _a EG-GICUC
_bara
_c EG-GICUC
_d EG-GICUC
_erda
041 _aara
082 0 4 _221
_a341.81
_bق و
092 0 4 _221
099 _aLaw1 12 341.81 ق و 1957
245 0 0 _aقوانين الجنسية والاجانب
264 1 _aالقاهرة :
_bدار الفكر الحديث للطبع و النشر,
_c1957.
300 _a118 صفحة ؛
_c24 سم
336 _2rda content
_atext
337 _2rda media
_aComputer
338 _2rda carrier
_aOnline Resource
546 _aالنص باللغة العربية
650 1 4 _aالجنسية (قانون دولي)
_2qrmak
650 1 4 _aالأجانب -- مركز قانوني -- قانون دولي
651 1 _2qrmak
856 4 0 _uhttps://fll.law.cu.edu.eg/fulltext/bks/B12-00505.pdf
905 _a79
_eHassnaa
942 _2ddc
_cBK
_e21
_n0
999 _c49464
_d49464